[Event "III Open Costa Viola B"]
[Site "Sant'Eufemia d'Aspromonte ITA"]
[Date "2010.01.02"]
[Round "1"]
[White "Violi, Vincenzo"]
[Black "Attina', Rodolfo"]
[Result "1-0"]
[WhiteElo "1605"]
[BlackElo "1368"]
[PlyCount "61"]
[EventDate "2010.01.02"]

1. e4 e5 2. Nf3 d6 3. d4 Bg4 4. dxe5 Bxf3 5. Qxf3 dxe5 6. Bc4 Nf6 7. Be3 c6 8.
Nd2 b5 9. Bb3 Nbd7 10. O-O Qe7 11. Rfd1 a5 12. a4 Nc5 13. c3 h6 14. Bc2 Rd8 15.
axb5 cxb5 16. Rxa5 Qb7 17. c4 Nd3 18. Rxb5 Qa8 19. Bb6 Ne1 20. Qc3 Nxc2 21.
Bxd8 Nd4 22. Rxe5+ Be7 23. Qxd4 O-O 24. Bxe7 Rc8 25. Bxf6 gxf6 26. Rf5 Rd8 27.
Rd5 Rc8 28. Qxf6 Qa4 29. Nf3 Rf8 30. Qxh6 Qxc4 31. Rg5# 1-0

[Event "III Open Costa Viola B"]
[Site "Sant'Eufemia d'Aspromonte ITA"]
[Date "2010.01.03"]
[Round "2"]
[White "Altomonte, Giuseppe"]
[Black "Violi, Vincenzo"]
[Result "1-0"]
[WhiteElo "1773"]
[BlackElo "1605"]
[PlyCount "46"]
[EventDate "2010.01.02"]

1. d4 Nf6 2. c4 e6 3. Nc3 Bb4 4. a3 Bxc3+ 5. bxc3 b6 6. e3 Ba6 7. Bd3 Nc6 8.
Nf3 Na5 9. Qe2 O-O 10. O-O c5 11. e4 Nb3 12. Rb1 Nxc1 13. Rfxc1 d5 14. cxd5
Bxd3 15. Qxd3 exd5 16. e5 c4 17. Qf5 Nd7 18. Rb5 Qe7 19. Rxd5 Qxa3 20. Re1 Nb8
21. e6 Nc6 22. Ng5 g6 23. exf7+ Kg7 1-0

[Event "III Open Costa Viola B"]
[Site "Sant'Eufemia d'Aspromonte ITA"]
[Date "2010.01.03"]
[Round "2"]
[White "Attina', Rodolfo"]
[Black "Pallonetto, Cristofaro"]
[Result "1/2-1/2"]
[WhiteElo "1368"]
[BlackElo "1494"]
[PlyCount "128"]
[EventDate "2010.01.02"]

1. c4 d6 2. Nf3 e5 3. Nc3 Be7 4. g3 Nd7 5. Bg2 Ngf6 6. d3 c6 7. e4 O-O 8. a3
Rb8 9. b4 b6 10. Nh4 a5 11. b5 c5 12. Nf5 Re8 13. Nxe7+ Qxe7 14. Bg5 h6 15. Nd5
Qd8 16. Nxf6+ Nxf6 17. Bd2 Be6 18. O-O Qd7 19. Bc3 Bh3 20. Re1 Rbd8 21. Qd2 Nh7
22. Rf1 Ng5 23. f4 Bxg2 24. Qxg2 Ne6 25. f5 Ng5 26. h4 Nh7 27. g4 f6 28. a4 Kf7
29. Qh3 Rh8 30. Bd2 Rdg8 31. Rf2 Qe7 32. Rg2 Ke8 33. Kf2 Qf7 34. Rag1 Ke7 35.
Qg3 Nf8 36. g5 hxg5 37. hxg5 Nd7 38. g6 Qf8 39. Rh2 Rxh2+ 40. Qxh2 Rh8 41. Qg2
Rh5 42. Qf3 Qh8 43. Rg2 Rh3 44. Qg4 Rxd3 45. Ke2 Rh3 46. Rg3 Rh4 47. Qf3 Rh2+
48. Rg2 Rh3 49. Rg3 Rxg3 50. Qxg3 Qh5+ 51. Qf3 Qh2+ 52. Qf2 Qh1 53. Qf3 Qh4 54.
Qg2 Kf8 55. Be3 Kg8 56. Kf1 Qh5 57. Ke1 Nf8 58. Bd2 Qh4+ 59. Qf2 Qh1+ 60. Ke2
Qxe4+ 61. Qe3 Qxc4+ 62. Qd3 Qg4+ 63. Qf3 Qxa4 64. Qd5+ Kh8 1/2-1/2

[Event "III Open Costa Viola B"]
[Site "Sant'Eufemia d'Aspromonte ITA"]
[Date "2010.01.03"]
[Round "2"]
[White "Battaglia, Domenica"]
[Black "Quattrone, Andrea"]
[Result "1-0"]
[WhiteElo "1557"]
[BlackElo "1440"]
[PlyCount "89"]
[EventDate "2010.01.02"]

1. e4 e6 2. Nc3 Bb4 3. d4 d5 4. e5 c5 5. a3 Bxc3+ 6. bxc3 cxd4 7. cxd4 Qb6 8.
Nf3 Nc6 9. Be2 Nge7 10. O-O Nf5 11. Be3 Nxe3 12. fxe3 h6 13. Bd3 Bd7 14. Qd2
Na5 15. Rfb1 Qc7 16. e4 a6 17. Qb4 Rc8 18. Ra2 Bc6 19. Qe1 b5 20. Nd2 Qb6 21.
c3 Ba8 22. Rc2 Nc6 23. exd5 Nxd4 24. Qf2 Bxd5 25. Qxd4 Qc6 26. Be4 Bxe4 27.
Nxe4 O-O 28. Re1 Rcd8 29. Qc5 Qxc5+ 30. Nxc5 f6 31. Nxe6 fxe5 32. Nxf8 Rxf8 33.
Rxe5 Rf6 34. h3 Rd6 35. Re4 Rd1+ 36. Kh2 Ra1 37. c4 Rxa3 38. cxb5 axb5 39. Rb4
Ra5 40. Rc5 Kh7 41. Rcxb5 Ra3 42. Rb7 Kg6 43. Rg4+ Kh5 44. Rgxg7 Ra6 45. Rb5+
1-0

[Event "III Open Costa Viola B"]
[Site "Sant'Eufemia d'Aspromonte ITA"]
[Date "2010.01.03"]
[Round "2"]
[White "Carbone, Edoardo"]
[Black "Rametta, Marcello"]
[Result "0-1"]
[WhiteElo "1584"]
[BlackElo "1732"]
[PlyCount "76"]
[EventDate "2010.01.02"]

1. e4 c5 2. Nf3 Nc6 3. d4 cxd4 4. Nxd4 Nxd4 5. Qxd4 a6 6. c4 e6 7. Nc3 Nf6 8.
Be2 Be7 9. Be3 O-O 10. O-O d6 11. a4 Nd7 12. Qd2 Qc7 13. a5 Nc5 14. Qc2 Bf6 15.
f3 Re8 16. Na4 Nxa4 17. Rxa4 d5 18. Ra2 d4 19. Bf2 e5 20. Rd1 Be6 21. f4 exf4
22. Bxd4 Bxd4+ 23. Rxd4 Rad8 24. Rxd8 Rxd8 25. Ra1 Qc5+ 26. Kh1 Qb4 27. Rd1
Rxd1+ 28. Qxd1 Qxa5 29. b3 g6 30. h3 Qc5 31. Bf3 Qe3 32. Qd8+ Kg7 33. Qd1 Kh6
34. Qc2 Bxh3 35. gxh3 Qxf3+ 36. Kg1 Qg3+ 37. Kh1 Qxh3+ 38. Kg1 g5 0-1

[Event "III Open Costa Viola B"]
[Site "Sant'Eufemia d'Aspromonte ITA"]
[Date "2010.01.03"]
[Round "2"]
[White "Carlomagno, Vincenzo"]
[Black "Bruno, Elio"]
[Result "1-0"]
[WhiteElo "1854"]
[BlackElo "1723"]
[PlyCount "47"]
[EventDate "2010.01.02"]

1. e4 c5 2. Nf3 d6 3. d4 cxd4 4. Nxd4 Nf6 5. Nc3 a6 6. Bg5 e6 7. f4 Qc7 8. Bxf6
gxf6 9. Be2 Nc6 10. Qd2 Bd7 11. O-O-O Rd8 12. Bh5 Bg7 13. f5 O-O 14. g4 Kh8 15.
h4 Nxd4 16. Qxd4 Bc6 17. Qe3 exf5 18. gxf5 Qe7 19. Nd5 Qe5 20. Rhg1 Rfe8 21.
Bf3 Bxd5 22. Rxd5 Qxd5 23. Rxg7 Rg8 24. Rxg8+ 1-0

[Event "III Open Costa Viola B"]
[Site "Sant'Eufemia d'Aspromonte ITA"]
[Date "2010.01.03"]
[Round "2"]
[White "Carrozza, Gregorio"]
[Black "Gregori, Giacomo"]
[Result "0-1"]
[WhiteElo "1616"]
[BlackElo "1794"]
[PlyCount "66"]
[EventDate "2010.01.02"]

1. e4 c5 2. Nf3 d6 3. d4 cxd4 4. Nxd4 Nf6 5. Nc3 a6 6. Be2 e5 7. Nb3 Qc7 8. f3
Be6 9. Be3 Nbd7 10. Qd2 b5 11. g4 Nb6 12. g5 Nfd7 13. O-O-O Nc4 14. Bxc4 bxc4
15. Nd5 Bxd5 16. Qxd5 Rb8 17. Nd2 c3 18. Nc4 cxb2+ 19. Kb1 Rc8 20. Na3 Be7 21.
h4 Nb6 22. Bxb6 Qxb6 23. Rh2 Qb4 24. Qb3 Qc5 25. Rhd2 O-O 26. Rd5 Qf2 27. h5
Rb8 28. Qd3 Bxg5 29. Rxd6 Be7 30. Rd7 Bg5 31. Nc4 Bf4 32. Re7 Qc5 33. Qd5 Qxe7
0-1

[Event "III Open Costa Viola B"]
[Site "Sant'Eufemia d'Aspromonte ITA"]
[Date "2010.01.03"]
[Round "2"]
[White "Costantino, Gregorio"]
[Black "Vallone, Rosario"]
[Result "1-0"]
[WhiteElo "1434"]
[BlackElo "1551"]
[PlyCount "93"]
[EventDate "2010.01.02"]

1. d4 d5 2. Nf3 c6 3. Bf4 Bf5 4. e3 Nf6 5. Nbd2 e6 6. c4 Bd6 7. Bg3 Bxg3 8.
hxg3 Nbd7 9. c5 Qc7 10. b4 e5 11. Nb3 O-O 12. Nh4 Bg6 13. Nxg6 fxg6 14. Be2 e4
15. Nd2 Rf7 16. Nf1 Raf8 17. f4 exf3 18. Bxf3 a5 19. a3 b6 20. g4 g5 21. Rh3
Re8 22. Qd2 h6 23. O-O-O axb4 24. Qxb4 bxc5 25. dxc5 Rb8 26. Qd4 Qb7 27. Kd2
Qb2+ 28. Qxb2 Rxb2+ 29. Kc3 Rf2 30. Kd4 Rc2 31. Nd2 Rxc5 32. Rhh1 Ra5 33. Nb1
c5+ 34. Kc3 Nb6 35. Rd3 Na4+ 36. Kc2 Rb7 37. Rb3 Rxb3 38. Kxb3 Nb6 39. Rd1 Kf7
40. Nc3 Ke6 41. a4 Ke5 42. g3 d4 43. exd4+ cxd4 44. Re1+ Kd6 45. Kb4 Rc5 46.
Nb5+ Rxb5+ 47. Kxb5 1-0

[Event "III Open Costa Viola B"]
[Site "Sant'Eufemia d'Aspromonte ITA"]
[Date "2010.01.03"]
[Round "2"]
[White "Daniac, Federico"]
[Black "Licari, Carmelo sr"]
[Result "1-0"]
[WhiteElo "1578"]
[BlackElo "1440"]
[PlyCount "32"]
[EventDate "2010.01.02"]

1. e4 e6 2. d4 d6 3. Nf3 Nc6 4. Bb5 Bd7 5. O-O Nf6 6. Re1 Be7 7. Bg5 h6 8. Bxf6
Bxf6 9. c3 a6 10. Bxc6 Bxc6 11. d5 exd5 12. exd5+ Be7 13. dxc6 bxc6 14. Nd4 c5
15. Nc6 Qd7 16. Rxe7+ Qxe7 1-0

[Event "III Open Costa Viola B"]
[Site "Sant'Eufemia d'Aspromonte ITA"]
[Date "2010.01.03"]
[Round "2"]
[White "Della Rocca, Giorgio"]
[Black "Zampaglione, Francesco"]
[Result "1-0"]
[WhiteElo "1896"]
[BlackElo "1461"]
[PlyCount "54"]
[EventDate "2010.01.02"]

1. c4 d6 2. Nc3 Nf6 3. d4 Nbd7 4. g3 e5 5. Bg5 c6 6. Nf3 Be7 7. dxe5 dxe5 8.
Bh3 h6 9. Bxf6 Bxf6 10. O-O Qc7 11. Ne4 Be7 12. Qd2 O-O 13. Bxd7 Bxd7 14. Rfd1
Rfd8 15. Qe3 b6 16. c5 Be6 17. cxb6 axb6 18. Rxd8+ Rxd8 19. Nc3 f6 20. Nh4 Bc5
21. Qe4 Rd4 22. Qc2 Qd7 23. Nf3 Rc4 24. Rd1 Bd4 25. e3 Bf5 26. Qe2 e4 27. Qxc4+
Be6 1-0

[Event "III Open Costa Viola B"]
[Site "Sant'Eufemia d'Aspromonte ITA"]
[Date "2010.01.03"]
[Round "2"]
[White "Donzella, Emanuele"]
[Black "Palermiti, Francesco"]
[Result "1-0"]
[WhiteElo "1646"]
[BlackElo "1470"]
[PlyCount "79"]
[EventDate "2010.01.02"]

1. d4 d5 2. Bf4 c6 3. Nf3 Nf6 4. e3 Nbd7 5. Be2 e6 6. Nbd2 Be7 7. O-O a6 8. c4
O-O 9. Re1 Nh5 10. Be5 f6 11. Bf4 Nxf4 12. exf4 dxc4 13. Bxc4 Nb6 14. Bxe6+
Bxe6 15. Rxe6 Nd5 16. Qb3 Qc7 17. Rae1 Rab8 18. Rxe7 Qxf4 19. Nf1 Kh8 20. R7e4
Qc7 21. Ng3 f5 22. Re5 f4 23. Ne4 h6 24. Nc3 Rbd8 25. Nxd5 Rxd5 26. Rxd5 cxd5
27. Qxd5 b5 28. Qc5 Qxc5 29. dxc5 Rc8 30. b4 a5 31. a3 a4 32. Ne5 g5 33. g3 Kg7
34. gxf4 gxf4 35. Kg2 Kf6 36. Ng4+ Kg5 37. Kf3 h5 38. Ne5 Kf5 39. Nd3 Rf8 40.
Nxf4 1-0

[Event "III Open Costa Viola B"]
[Site "Sant'Eufemia d'Aspromonte ITA"]
[Date "2010.01.03"]
[Round "2"]
[White "Fariselli, Umberto"]
[Black "Pratico', Paolo"]
[Result "1-0"]
[WhiteElo "1476"]
[BlackElo "1278"]
[PlyCount "73"]
[EventDate "2010.01.02"]

1. e4 g6 2. d4 d6 3. c3 Nf6 4. Bd3 Bg7 5. h3 O-O 6. Nf3 c6 7. O-O Qc7 8. Be3 b5
9. Qd2 Nbd7 10. b4 a5 11. a3 axb4 12. cxb4 Bb7 13. Nc3 Rfe8 14. Bh6 e5 15. Bxg7
Kxg7 16. dxe5 Nxe5 17. Nxe5 dxe5 18. f3 Nh5 19. g4 Qb6+ 20. Kh2 Nf4 21. Bc2
Red8 22. Qf2 Qxf2+ 23. Rxf2 Rd7 24. a4 Rc8 25. axb5 c5 26. bxc5 Rxc5 27. Nd5
Nxd5 28. exd5 Rxb5 29. Ba4 Ra5 30. Bxd7 Rxa1 31. Bc6 Bc8 32. Rb2 Ra7 33. Rb8
Bd7 34. Rb6 Bxc6 35. dxc6 Rc7 36. Kg1 f5 37. Rb7 1-0

[Event "III Open Costa Viola B"]
[Site "Sant'Eufemia d'Aspromonte ITA"]
[Date "2010.01.03"]
[Round "2"]
[White "Fiorentino, Vincenzo"]
[Black "Minucci, Veronica"]
[Result "1-0"]
[WhiteElo "1509"]
[BlackElo "1389"]
[PlyCount "59"]
[EventDate "2010.01.02"]

1. d4 d5 2. c4 Nf6 3. Nc3 c6 4. e3 Nbd7 5. Nf3 Ne4 6. cxd5 Nxc3 7. bxc3 cxd5 8.
Ba3 e6 9. Bxf8 Nxf8 10. c4 a6 11. Rc1 b5 12. cxb5 Qa5+ 13. Qd2 Qxd2+ 14. Nxd2
axb5 15. Bxb5+ Nd7 16. a4 O-O 17. O-O Nb6 18. Ra1 Ba6 19. Rfb1 Rfe8 20. Bxa6
Rxa6 21. a5 Nc4 22. Nxc4 dxc4 23. Rb6 Rea8 24. Rxa6 Rxa6 25. Kf1 f6 26. Ke1 e5
27. d5 e4 28. Kd2 Ra8 29. Kc3 Rc8 30. a6 1-0

[Event "III Open Costa Viola B"]
[Site "Sant'Eufemia d'Aspromonte ITA"]
[Date "2010.01.03"]
[Round "2"]
[White "Martino, Giovanni"]
[Black "Sgro', Valerio"]
[Result "0-1"]
[WhiteElo "1536"]
[BlackElo "1422"]
[PlyCount "95"]
[EventDate "2010.01.02"]

1. e4 e5 2. Nf3 Nc6 3. Bc4 Nf6 4. Nc3 h6 5. O-O Bc5 6. d3 O-O 7. Nd2 d6 8. h3
Qe8 9. Kh1 Be6 10. Bb3 Nd4 11. Nc4 a5 12. f4 b5 13. Nd2 a4 14. Bxe6 Qxe6 15. f5
Qd7 16. a3 d5 17. Nf3 Rfe8 18. g4 dxe4 19. dxe4 Rad8 20. Be3 Qc6 21. g5 Nxf5
22. Qe2 Nxe3 23. gxf6 Nxf1 24. Qxf1 Qxf6 25. Nxb5 Qb6 26. Qc4 Rb8 27. Nc3 Qxb2
28. Ra2 Qc1+ 29. Kg2 Qe3 30. Nd1 Qf4 31. Qxc5 Qxe4 32. Qxc7 Qg6+ 33. Kf1 Qg3
34. Ng1 Qf4+ 35. Ke2 Rb1 36. Qd7 Reb8 37. Qa7 Qc4+ 38. Kd2 Qxa2 39. Nc3 Rd8+
40. Ke3 Qxa3 41. Qc7 Rdb8 42. Qxe5 Re1+ 43. Nge2 Rc8 44. Kd3 Rxc3+ 45. Qxc3
Qxc3+ 46. Nxc3 a3 47. Kd2 Re8 48. Kc1 0-1

[Event "III Open Costa Viola B"]
[Site "Sant'Eufemia d'Aspromonte ITA"]
[Date "2010.01.03"]
[Round "2"]
[White "Mileo, Miguelito"]
[Black "Valotta, Massimiliano"]
[Result "0-1"]
[WhiteElo "1716"]
[BlackElo "1870"]
[PlyCount "112"]
[EventDate "2010.01.02"]

1. d4 e6 2. Bf4 d5 3. e3 Nf6 4. Nf3 c5 5. c3 Nc6 6. Nbd2 a6 7. Bd3 Bd6 8. Ne5
Qc7 9. Ndf3 Ne4 10. Nxc6 Bxf4 11. exf4 bxc6 12. g3 cxd4 13. Nxd4 Nc5 14. Bc2
O-O 15. Qh5 g6 16. Qh6 e5 17. Nf3 exf4 18. O-O-O Bg4 19. Ng5 f6 20. f3 fxg5 21.
fxg4 Qe5 22. Rde1 Qf6 23. gxf4 Qxf4+ 24. Kb1 Ra7 25. h4 Ne4 26. h5 Rf6 27. hxg6
Rxg6 28. Qh2 Qxh2 29. Rxh2 Re6 30. Rhe2 Rae7 31. Bd3 a5 32. Kc2 Nc5 33. Rxe6
Rxe6 34. Rxe6 Nxe6 35. Bf5 Nc7 36. Kd3 Kf7 37. Bxh7 Ke6 38. Kd4 Kd6 39. c4 c5+
40. Kd3 d4 41. a3 Ke5 42. Bf5 Ne8 43. b4 cxb4 44. axb4 axb4 45. c5 Kd5 46. Bd7
Nc7 47. c6 b3 48. Kd2 Kc4 49. Bf5 Na8 50. Be6+ Kb4 51. Kc1 Kc3 52. Bf5 Nc7 53.
Kd1 d3 54. Kc1 d2+ 55. Kd1 Nd5 56. Bh7 Ne3+ 0-1

[Event "III Open Costa Viola B"]
[Site "Sant'Eufemia d'Aspromonte ITA"]
[Date "2010.01.03"]
[Round "2"]
[White "Paragliola, Gennaro"]
[Black "Carbone, Stefano"]
[Result "0-1"]
[WhiteElo "1605"]
[BlackElo "1788"]
[PlyCount "88"]
[EventDate "2010.01.02"]

1. d4 Nf6 2. c4 g6 3. Nc3 Bg7 4. Nf3 O-O 5. e4 d6 6. Be3 Nbd7 7. Qd2 c6 8. Bh6
a6 9. Bxg7 Kxg7 10. O-O-O b5 11. h4 h5 12. e5 Ng4 13. Ne4 dxe5 14. dxe5 Qc7 15.
Qd4 c5 16. Qc3 b4 17. Qd2 Ndxe5 18. Nxe5 Qxe5 19. f3 Bf5 20. Bd3 Rad8 21. Rhe1
Nf6 22. Nf2 Qc7 23. Qg5 Bxd3 24. Nxd3 Rd4 25. b3 Rfd8 26. Kc2 Qa5 27. Nc1 Rxd1
28. Rxd1 Rxd1 29. Kxd1 Qc7 30. Nd3 Qd6 31. Kc2 Nd7 32. Nf4 Nf6 33. g4 Nh7 34.
Qd5 Qxf4 35. Qxc5 hxg4 36. fxg4 Qe4+ 37. Kd2 Qf4+ 38. Kd3 Qd6+ 39. Qxd6 exd6
40. Kd4 f5 41. gxf5 gxf5 42. c5 dxc5+ 43. Kxc5 Kf6 44. Kxb4 Ke5 0-1

[Event "III Open Costa Viola B"]
[Site "Sant'Eufemia d'Aspromonte ITA"]
[Date "2010.01.03"]
[Round "2"]
[White "Pelyushenko, Vladyslav"]
[Black "Arcidiaco, Francesco"]
[Result "0-1"]
[WhiteElo "1792"]
[BlackElo "1608"]
[PlyCount "128"]
[EventDate "2010.01.02"]

1. d4 d5 2. c4 e6 3. Nc3 Nf6 4. Nf3 Nc6 5. Bg5 Be7 6. e3 a6 7. a3 Ne4 8. Bxe7
Nxe7 9. Qc2 Nxc3 10. Qxc3 dxc4 11. Bxc4 b5 12. Ba2 Bb7 13. Rc1 Rc8 14. Qc5 Bd5
15. Bb1 Bxf3 16. gxf3 Qd5 17. Be4 Qxc5 18. Rxc5 c6 19. Ke2 f5 20. Bb1 Kd7 21.
Rhc1 Rhf8 22. e4 g6 23. Ba2 fxe4 24. fxe4 Rf4 25. Re5 Rf6 26. f3 Rcf8 27. Rf1
h6 28. h4 a5 29. Ke3 a4 30. Rf2 Kd6 31. Rc5 Rf4 32. h5 g5 33. Rcc2 Rh4 34. d5
exd5 35. Rfd2 Rh3 36. exd5 Rhxf3+ 37. Ke2 Rf2+ 38. Ke1 Rf1+ 39. Ke2 R8f2+ 40.
Kd3 Rxd2+ 41. Rxd2 Nxd5 42. Ke4 Rf4+ 43. Kd3 Rh4 44. Bxd5 cxd5 45. Rf2 Rxh5 46.
Rf6+ Kc5 47. Rf8 Rh3+ 48. Kc2 Kd4 49. Rb8 Rh2+ 50. Kb1 g4 51. Rxb5 Kd3 52.
Rxd5+ Ke4 53. Rd8 h5 54. Rg8 Kf3 55. Rf8+ Kg2 56. Rf4 g3 57. Rxa4 Kf3 58. Ra8
g2 59. Rf8+ Ke4 60. Re8+ Kd5 61. Rd8+ Kc6 62. Rc8+ Kb7 63. Rg8 Rh1+ 64. Kc2
g1=Q 0-1

[Event "III Open Costa Viola B"]
[Site "Sant'Eufemia d'Aspromonte ITA"]
[Date "2010.01.03"]
[Round "2"]
[White "Pirrotta, Domenico"]
[Black "Vacchiano, Salvatore"]
[Result "0-1"]
[WhiteElo "1323"]
[BlackElo "1581"]
[PlyCount "54"]
[EventDate "2010.01.02"]

1. e4 d6 2. Nf3 Nf6 3. Nc3 g6 4. e5 dxe5 5. Nxe5 Bg7 6. Qf3 O-O 7. d3 c6 8. Be3
Nbd7 9. Nxd7 Bxd7 10. O-O-O Bg4 11. Qf4 Bxd1 12. Kxd1 Re8 13. Ne4 Nd5 14. Qf3
Nxe3+ 15. Qxe3 Bxb2 16. Nc5 Qa5 17. d4 Bxd4 18. Qxd4 Rad8 19. Nd7 Rxd7 20. Qxd7
Rd8 21. Qxd8+ Qxd8+ 22. Bd3 Qd4 23. Re1 e5 24. Re4 Qxf2 25. Rxe5 Qxg2 26. h4
Qg4+ 27. Kc1 Qf4+ 0-1

[Event "III Open Costa Viola B"]
[Site "Sant'Eufemia d'Aspromonte ITA"]
[Date "2010.01.03"]
[Round "2"]
[White "Rizzuti, Pasquale"]
[Black "Gallo, Carlo"]
[Result "1-0"]
[WhiteElo "1821"]
[BlackElo "1619"]
[PlyCount "63"]
[EventDate "2010.01.02"]

1. Nf3 d6 2. d4 Bg4 3. Nbd2 Nf6 4. h3 Bh5 5. g4 Bg6 6. Nh4 e6 7. Nxg6 hxg6 8.
Bg2 d5 9. e4 Be7 10. e5 Nfd7 11. Nf3 c5 12. c3 Nc6 13. Be3 Qa5 14. dxc5 Ndxe5
15. Nxe5 Nxe5 16. b4 Qc7 17. Bd4 O-O 18. Qe2 Nc4 19. O-O Qd8 20. Rad1 Bf6 21.
Bxf6 Qxf6 22. Qf3 Qg5 23. Qg3 Qe7 24. Rfe1 Qf6 25. g5 Qf5 26. Re2 f6 27. h4
fxg5 28. hxg5 Rac8 29. Bh3 Qf3 30. Bxe6+ Kh8 31. Qxf3 Rxf3 32. Kg2 1-0

[Event "III Open Costa Viola B"]
[Site "Sant'Eufemia d'Aspromonte ITA"]
[Date "2010.01.03"]
[Round "2"]
[White "Russo, Carmelo"]
[Black "Massaro, Umile"]
[Result "0-1"]
[WhiteElo "1731"]
[BlackElo "1440"]
[PlyCount "150"]
[EventDate "2010.01.02"]

1. d4 Nf6 2. c4 d5 3. Bg5 dxc4 4. Qa4+ c6 5. Qxc4 e6 6. Nf3 Be7 7. e3 Qd5 8. a3
Nbd7 9. Nc3 Qxc4 10. Bxc4 h6 11. Bh4 Nb6 12. Ba2 Bd7 13. O-O O-O 14. b4 Rfe8
15. Bb3 Nbd5 16. Rfc1 Nh7 17. Bg3 Bf6 18. Be5 Ng5 19. Nxg5 Bxg5 20. Ne4 Be7 21.
Nd6 Bxd6 22. Bxd6 Nb6 23. a4 Nc8 24. Bc7 Ne7 25. e4 Rec8 26. Bd6 Ng6 27. Rc3
Nf8 28. f4 Nh7 29. Rf3 Nf6 30. Re1 Nh7 31. h4 Nf8 32. f5 exf5 33. exf5 Re8 34.
Be5 Nh7 35. Ref1 Kh8 36. Rg3 f6 37. Bd6 Re4 38. d5 a6 39. dxc6 Bxc6 40. Rf4
Rae8 41. a5 Re1+ 42. Rf1 R1e4 43. Bf7 Rd8 44. Bc5 Rxh4 45. Bg6 Ng5 46. Re1 Ne4
47. Rge3 Rg4 48. Bh5 Rg5 49. Bf3 Nxc5 50. Bxc6 bxc6 51. bxc5 Rxf5 52. Rc3 Rdd5
53. Re7 Rh5 54. Re8+ Kh7 55. Ra8 Rd1+ 56. Kf2 Rdd5 57. Rxa6 Rxc5 58. Rxc6 Rxa5
59. Rc7 Rhg5 60. Rf3 Raf5 61. Rcc3 Rxf3+ 62. Kxf3 Rg6 63. Rc7 h5 64. Rc4 Rh6
65. g3 g5 66. Rc7+ Kg6 67. Rc5 h4 68. g4 h3 69. Rc1 h2 70. Rh1 Kf7 71. Kg3 Ke6
72. Rxh2 Rxh2 73. Kxh2 Ke5 74. Kg3 Ke4 75. Kg2 Kf4 0-1

[Event "III Open Costa Viola B"]
[Site "Sant'Eufemia d'Aspromonte ITA"]
[Date "2010.01.03"]
[Round "2"]
[White "Tralongo, Roberto"]
[Black "Mercuri, Delia"]
[Result "0-1"]
[WhiteElo "1419"]
[BlackElo "1517"]
[PlyCount "82"]
[EventDate "2010.01.02"]

1. Nf3 Nc6 2. d4 d5 3. c4 e6 4. Nc3 Nf6 5. Bg5 Be7 6. e3 a6 7. cxd5 exd5 8. Bd3
Nb4 9. Bxf6 Bxf6 10. Qa4+ Nc6 11. O-O O-O 12. h3 Be7 13. Qd1 Nb4 14. Bb1 Be6
15. a3 Nc6 16. Qc2 f5 17. Ne5 Nxe5 18. dxe5 Rc8 19. f4 c5 20. Ba2 c4 21. Rad1
Bc5 22. Qd2 b5 23. Kh1 Qb6 24. Rf3 Rcd8 25. Qe2 Rd7 26. Bb1 d4 27. exd4 Bxd4
28. Rg3 g6 29. Rg5 Kh8 30. h4 Rfd8 31. Bc2 Be3 32. Rxd7 Rxd7 33. Nb1 Bxf4 34.
g3 Bd5+ 35. Kh2 Bxg5 36. hxg5 Be6 37. Nd2 Qd4 38. Nf3 Qxb2 39. Bd1 c3 40. Qc2
Bd5 41. Nd4 Be4 0-1

[Event "III Open Costa Viola B"]
[Site "Sant'Eufemia d'Aspromonte ITA"]
[Date "2010.01.03"]
[Round "2"]
[White "Vazzana, Antonio"]
[Black "Barbera, Giuseppe"]
[Result "0-1"]
[WhiteElo "1449"]
[BlackElo "1564"]
[PlyCount "114"]
[EventDate "2010.01.02"]

1. c4 e5 2. Nc3 Ne7 3. Nf3 Nbc6 4. d4 exd4 5. Nxd4 Ng6 6. e4 Be7 7. Nxc6 bxc6
8. Be2 Bf6 9. Qc2 O-O 10. O-O d6 11. Be3 Be6 12. b3 c5 13. Rad1 Qe7 14. f4 Bc8
15. Nd5 Qd8 16. Nxf6+ Qxf6 17. e5 dxe5 18. Bxc5 Re8 19. Bf3 c6 20. Rd6 Re6 21.
Rxe6 Qxe6 22. f5 Qxf5 23. Qxf5 Bxf5 24. Bxc6 Rc8 25. Rxf5 Rxc6 26. Bxa7 Ra6 27.
Bb8 f6 28. Rf2 Ra8 29. Bd6 Kf7 30. c5 Ke6 31. Rd2 Nf4 32. b4 Nd5 33. Rb2 Nc3
34. b5 Ne4 35. b6 Nxd6 36. cxd6 Kxd6 37. Rc2 Rb8 38. Kf2 Rxb6 39. Ke3 f5 40. g3
Ra6 41. Rd2+ Ke6 42. h3 g5 43. Rc2 h5 44. Rd2 Ra3+ 45. Kf2 f4 46. gxf4 gxf4 47.
Kg2 e4 48. Rb2 Rg3+ 49. Kh2 h4 50. Rb4 Re3 51. a4 f3 52. a5 Re2+ 53. Kg1 e3 54.
Rb1 Rg2+ 55. Kh1 Rd2 56. Kg1 e2 57. Kf2 Rd1 0-1

[Event "III Open Costa Viola B"]
[Site "Sant'Eufemia d'Aspromonte ITA"]
[Date "2010.01.03"]
[Round "2"]
[White "Zampaglione, Davide"]
[Black "Ielapi, Vito"]
[Result "0-1"]
[WhiteElo "1644"]
[BlackElo "1830"]
[PlyCount "42"]
[EventDate "2010.01.02"]

1. d4 Nf6 2. Nf3 e6 3. e3 b6 4. Nbd2 d5 5. Bd3 Bb7 6. O-O Bd6 7. c3 Ne4 8. Qc2
f5 9. b4 O-O 10. a3 Nd7 11. c4 c6 12. Bb2 Rf6 13. g3 Rh6 14. Kg2 Qf6 15. Rh1
Rf8 16. Raf1 g5 17. Qa4 Bb8 18. Bxe4 fxe4 19. Ne1 g4 20. Qd1 Qf5 21. c5 Ba6 0-1

[Event "III Open Costa Viola B"]
[Site "Sant'Eufemia d'Aspromonte ITA"]
[Date "2010.01.03"]
[Round "3"]
[White "Barbera, Giuseppe"]
[Black "Russo, Carmelo"]
[Result "0-1"]
[WhiteElo "1564"]
[BlackElo "1731"]
[PlyCount "142"]
[EventDate "2010.01.02"]

1. f4 d5 2. Nf3 Bg4 3. e3 g6 4. Be2 Bg7 5. O-O Nf6 6. d3 c5 7. c3 O-O 8. Ne5
Bxe2 9. Qxe2 Qc7 10. Nd2 Nc6 11. Nxc6 Qxc6 12. e4 e6 13. e5 Nd7 14. d4 b5 15.
Nf3 a5 16. Be3 c4 17. Bf2 Bh6 18. Be3 Bg7 19. g4 f5 20. g5 Kf7 21. Kf2 Rh8 22.
Rh1 h5 23. h4 Nb6 24. a3 Nd7 25. Ne1 a4 26. Nc2 Bf8 27. Rhc1 Qb7 28. Bd2 Nb8
29. Nb4 Be7 30. Qf3 Rd8 31. Rab1 Qa7 32. Rc2 Bxb4 33. cxb4 Qxd4+ 34. Be3 Qd3
35. Rbc1 Qe4 36. Rd2 Nc6 37. Rcd1 Qxf3+ 38. Kxf3 Rac8 39. Bd4 Nxd4+ 40. Rxd4 c3
41. bxc3 Rxc3+ 42. R4d3 Rdc8 43. Ke2 Ke7 44. Rxc3 Rxc3 45. Rd3 Rc4 46. Ke3 Kd7
47. Rd4 Rc1 48. Rd2 Rc4 49. Rd4 Kc6 50. Rd3 Rc2 51. Rd1 Rc4 52. Rd3 Kb6 53. Rd4
Rc1 54. Rd2 Rh1 55. Rc2 Rh3+ 56. Kd4 Rxh4 57. Rc8 Rxf4+ 58. Kd3 Re4 59. Rg8
Rxe5 60. Rxg6 f4 61. Rf6 Rxg5 62. Rxf4 Kc7 63. Rf6 Rg3+ 64. Kd4 Rxa3 65. Rxe6
Rb3 66. Kc5 a3 67. Re1 a2 68. Ra1 Rb2 69. Kxd5 h4 70. Kc5 h3 71. Kxb5 Kb7 0-1

[Event "III Open Costa Viola B"]
[Site "Sant'Eufemia d'Aspromonte ITA"]
[Date "2010.01.03"]
[Round "3"]
[White "Battaglia, Domenica"]
[Black "Carrozza, Gregorio"]
[Result "0-1"]
[WhiteElo "1557"]
[BlackElo "1616"]
[PlyCount "74"]
[EventDate "2010.01.02"]

1. e4 e6 2. d4 d5 3. e5 c5 4. Nf3 Nc6 5. b3 Qb6 6. Bb2 cxd4 7. Bxd4 Nxd4 8.
Nxd4 Bd7 9. Be2 Rc8 10. O-O Bc5 11. c3 Ne7 12. b4 Bxd4 13. Qxd4 Qxd4 14. cxd4
Nf5 15. Rd1 h5 16. Na3 g6 17. Bb5 a6 18. Bxd7+ Kxd7 19. Rd2 Rc6 20. Nc2 Rhc8
21. Rc1 Nxd4 22. Rxd4 Rxc2 23. Rxc2 Rxc2 24. g3 Rxa2 25. Rf4 Ke7 26. h4 Rc2 27.
Rf3 d4 28. Rb3 Rc3 29. Rb2 Kd7 30. Kf1 Kc6 31. Ke2 Kb5 32. Kd2 Rc4 33. Kd3 Rxb4
34. Rxb4+ Kxb4 35. Kxd4 a5 36. Kd3 Kb3 37. Kd2 Kb2 0-1

[Event "III Open Costa Viola B"]
[Site "Sant'Eufemia d'Aspromonte ITA"]
[Date "2010.01.03"]
[Round "3"]
[White "Bruno, Elio"]
[Black "Della Rocca, Giorgio"]
[Result "0-1"]
[WhiteElo "1723"]
[BlackElo "1896"]
[PlyCount "94"]
[EventDate "2010.01.02"]

1. e4 g6 2. d4 Bg7 3. Nf3 c5 4. d5 d6 5. Be2 Nf6 6. Nc3 Nbd7 7. Be3 Ng4 8. Bd2
O-O 9. h3 Ngf6 10. Qc1 Re8 11. Bh6 e6 12. Bxg7 Kxg7 13. dxe6 Rxe6 14. Ng5 Re7
15. Bd3 d5 16. Qf4 h6 17. h4 hxg5 18. hxg5 Nh5 19. Qh4 dxe4 20. Nxe4 f5 21.
gxf6+ Ndxf6 22. O-O-O Nxe4 23. Bxe4 Qf8 24. Bxg6 Qf4+ 25. Qxf4 Nxf4 26. Rh7+
Kf6 27. Rd6+ Be6 28. Be4 Rxh7 29. Bxh7 Ke5 30. Rd1 Nxg2 31. Rg1 Bd5 32. b3 Rf8
33. c4 Bc6 34. Rf1 Kf4 35. Kd2 Rd8+ 36. Kc3 Kf3 37. Bd3 Nf4 38. Rd1 Rxd3+ 39.
Rxd3+ Nxd3 40. Kxd3 Kxf2 41. a4 Kf3 42. a5 Be4+ 43. Kc3 Ke3 44. b4 cxb4+ 45.
Kxb4 Kd4 46. a6 b6 47. Kb5 Bf3 0-1